[Event "Reinstorf op"]
[Site "Reinstorf"]
[Date "2022.02.01"]
[Round "4"]
[White "Lau, Felix"]
[Black "De Winter, Arthur"]
[Result "1-0"]
[WhiteElo "1927"]
[BlackElo "2122"]
[PlyCount "77"]
[EventDate "2022.01.29"]
[EventType "swiss"]
[EventRounds "9"]
[EventCountry "GER"]
[SourceTitle "CBM 206 Extra"]
[Source "ChessBase"]
[SourceDate "2022.03.31"]
[SourceVersion "1"]
[SourceVersionDate "2022.03.31"]
[SourceQuality "1"]

1. e4 c5 2. Be2 Nc6 3. d3 g6 4. f4 Bg7 5. Nf3 e6 6. 0-0 Nge7 7. c3 0-0 8. Be3 b6 9. d4 f5 10. e5 Nd5 11. Qd2 d6 12. Na3 cxd4 13. cxd4 Nxe3 14. Qxe3 Nb4 15. Qb3 Nd5 16. g3 dxe5 17. dxe5 a6 18. Nc4 b5 19. Nd6 Qb6+ 20. Kh1 Bd7 21. Rac1 Rfd8 22. Rfd1 Bc6 23. Rxc6 Qxc6 24. Nd4 Qd7 25. Bf3 Nc7 26. Nb7 Rdb8 27. Nc5 Qe7 28. Ncxe6 Nxe6 29. Bxa8 Rxa8 30. Nxe6 Qf7 31. Qd5 Rc8 32. Qd8+ Qe8 33. Qxe8+ Rxe8 34. Rd8 Rxd8 35. Nxd8 Bf8 36. Ne6 Bh6 37. Nc7 g5 38. fxg5 Bxg5 39. Nxa6 1-0

[Event "Blankenese op 3rd"]
[Site "Hamburg"]
[Date "2019.10.04"]
[Round "4"]
[White "Lau, Felix"]
[Black "Urban, Ralf Dieter"]
[Result "0-1"]
[WhiteElo "1925"]
[BlackElo "1950"]
[PlyCount "32"]
[EventDate "2019.10.03"]
[EventType "swiss"]
[EventRounds "7"]
[EventCountry "GER"]
[SourceTitle "EXT 2023"]
[Source "ChessBase"]
[SourceDate "2022.10.05"]
[SourceVersion "1"]
[SourceVersionDate "2022.10.05"]
[SourceQuality "1"]

1. e4 e5 2. Nc3 Nf6 3. f4 d5 4. fxe5 Nxe4 5. d3 Bb4 6. Nge2 d4 7. dxe4 Qh4+ 8. Ng3 dxc3 9. b3 Nc6 10. Bb5 Bg4 11. Qd4 Ba5 12. Qc5 0-0-0 13. Be3 Bb6 14. Qc4 Bxe3 15. Bxc6 Rd2 16. Bb5 Rhd8 0-1

[Event "Blankenese op 3rd"]
[Site "Hamburg"]
[Date "2019.10.03"]
[Round "1"]
[White "Klaus, Felix"]
[Black "Lau, Felix"]
[Result "0-1"]
[WhiteElo "1342"]
[BlackElo "1925"]
[PlyCount "104"]
[EventDate "2019.10.03"]
[EventType "swiss"]
[EventRounds "7"]
[EventCountry "GER"]
[SourceTitle "EXT 2023"]
[Source "ChessBase"]
[SourceDate "2022.10.05"]
[SourceVersion "1"]
[SourceVersionDate "2022.10.05"]
[SourceQuality "1"]

1. d4 d5 2. c4 e6 3. Nc3 c6 4. Nf3 dxc4 5. e3 b5 6. b3 b4 7. Ne4 f5 8. Ng3 c3 9. Bc4 Nf6 10. Ne5 Bd6 11. Qf3 Qc7 12. 0-0 Bxe5 13. dxe5 Nd5 14. e4 Nb6 15. Be2 0-0 16. exf5 Qxe5 17. Bf4 Qd5 18. Qg4 exf5 19. Qh4 Qf7 20. Rad1 Ba6 21. Rfe1 Bxe2 22. Rxe2 Nd5 23. Rd4 Nd7 24. Bd6 Rfe8 25. Rxe8+ Rxe8 26. Bxb4 c5 27. Rxd5 Re1+ 28. Nf1 Qxd5 29. Bxc3 Rxf1+ 30. Kxf1 Qd3+ 31. Ke1 Qxc3+ 32. Ke2 Qe5+ 33. Kd1 Qd4+ 34. Qxd4 cxd4 35. Kd2 Nc5 36. f3 Kf7 37. b4 Ne6 38. g3 Kf6 39. Kd3 g5 40. a3 Ke5 41. h3 Kd5 42. Kc2 Kc4 43. Kd2 Kb3 44. Kd3 Kxa3 45. Kc4 Kb2 46. Kd5 d3 47. Kxe6 d2 48. Kxf5 d1Q 49. Kxg5 Qxf3 50. Kh6 Qxg3 51. Kxh7 Kc3 52. b5 Kd4 0-1

[Event "Lueneburg op-A"]
[Site "Lueneburg"]
[Date "2019.08.04"]
[Round "2"]
[White "Kollars, Dmitrij"]
[Black "Lau, Felix"]
[Result "1-0"]
[WhiteElo "2583"]
[BlackElo "2044"]
[PlyCount "45"]
[EventDate "2019.08.03"]
[EventType "swiss"]
[EventRounds "9"]
[EventCountry "GER"]
[SourceTitle "CBM 191 Extra"]
[Source "ChessBase"]
[SourceDate "2019.09.30"]
[SourceVersion "1"]
[SourceVersionDate "2019.09.30"]
[SourceQuality "1"]

1. e4 e6 2. d4 d5 3. Nd2 c5 4. exd5 Qxd5 5. Ngf3 cxd4 6. Bc4 Qd6 7. 0-0 Nf6 8. Nb3 Nc6 9. Nbxd4 Nxd4 10. Nxd4 a6 11. Re1 Qc7 12. Bf1 Bc5 13. Bg5 0-0 14. Bxf6 gxf6 15. Qh5 f5 16. Qg5+ Kh8 17. Qf6+ Kg8 18. Re3 Bd6 19. Rd1 f4 20. Rh3 Qe7 21. Qh6 f6 22. Bc4 Rf7 23. Nf5 1-0